zpět

Detail výsledku týmu

Dvůr - Břeclav, Břeclav

Datum a čas kvízu

38.5 Celkem bodů Celkový počet nahraných bodů na tomto kvízu bez doplňovacích otázek.
2. Pořadí na kvízu Konečné umístění týmu na tomto kvízu.

Zaznamenané odpovědi

# Otázka Odpověď Body Výsledky
1. Minulý týden se konala velmi k... zadek 1
2. Sarah Mullally stanula minulý... o anglikánskou církev 0
3. Minulé pondělí bylo oznámeno p... Simpsonovi ve filmu 1
4. Od 1. října 2025 došlo na Leti... 2 000 mililitrů 1
5. Nejvyšší česká fotbalová liga... FC Viktoria Plzeň, FK Pardubice 1
6. Wikipedii s nejvyšší pravděpod... z havajštiny 1
7. Fanoušci kvízu občas jistě se... A 1
8. Dobrým zdrojem informací jsou... Michal Suchánek, Richard Genzer 1
9. Mnemotechnické pomůcky se hodí... struny na kytaře (pořadí strun/tónů) 1
10. Někdy však k úspěchu v kvízu s... 1C 2B 3D 4A 1